| 000 | 00480nam a2200169Ia 4500 | ||
|---|---|---|---|
| 999 |
_c29564 _d29564 |
||
| 003 | OSt | ||
| 005 | 20201231132916.0 | ||
| 008 | 190216s9999||||xx |||||||||||||| ||und|| | ||
| 040 | _coclc | ||
| 082 |
_a894.812301 _bVIP/J |
||
| 100 |
_aVipin _97116 |
||
| 245 | 0 |
_aJeevasastrathile Athbhudhangal / _cVipin |
|
| 260 |
_bLipi Publications, _aKozhikode: _c2008. |
||
| 300 | _a40p | ||
| 650 | _aKathakal | ||
| 942 |
_cBK _2ddc _h894.812301 _iVIP/J _k894.812301 _mVIP/J |
||